000 00356nam a2200121 4500
999 _c9579
_d9579
008 180709b ||||| |||| 00| 0 eng d
100 _928476
_aDe Guzman, Sara Soliven
245 _aPopulation explosion/
_cSara Soliven De Guzman
260 _aPhilippines
_bThe Philippine Star
_cc2016
300 _apage 12.
650 0 _928477
_aPopulation.
942 _2ddc
_cPER